Sistema nervioso central : Macroscopía /

Guardado en:
Autor Principal: Fundación Favaloro
Formato: Deslizar
Materias:
Etiquetas: Agregar Etiqueta
Sin Etiquetas, Sea el primero en etiquetar este registro!
LEADER 00858ngm a22002535g 4500
001 CEM.cems022040
008 130507b1994##################0###0#####d
005 20241001133623.0
245 1 0 |a Sistema nervioso central :  |b Macroscopía /  |c Fundación Favaloro. 
300 |a 34'. 
500 |a En soporte VHS, consultar en ventanilla. 
505 0 |a Descripción del sistema nervioso central. Irrigación sanguínea. 
538 |a Soporte: VHS - Norma: Pal N - Color - Grabación DRD 1994 - Hitachi=0085 
100 1 |a Fundación Favaloro 
082 6 1 |. 8/FAV-1 
653 |a BIOLOGIA 
653 |a ANATOMIA 
653 |a FISIOLOGIA 
653 |a EDUCACION PARA LA SALUD 
653 |a SISTEMA NERVIOSO CENTRAL 
653 |a SALUD 
653 |a FAVALORO 
653 |a NIVEL SECUNDARIO 
859 |a CEMS  |b BIB. CEMS - Depto. Recursos Didacticos  |h 611.8  |i FAV-1  |k DRD  |p 683.12  |t Ej.1